000 00899nam a2200229 a 4500
001 000022334
005 20240409073640.0
008 100927t1983 dr ac 001 0 spa d
040 _aDO-SdBNP
_bspa
_cBNPHU
082 _a972.9375
_bE74c
100 1 _aEscoto Gómez, César
_928970
245 1 3 _aLa capital cuando Trujillo /
_cCésar Escoto Gómez ; prólogo Virgilio Hoepelman.
260 _aSanto Domingo :
_bMateo,
_c1983.
300 _a106 p. :
_bil., retrs. ;
_c21 cm.
500 _aIncluye datos biográficos del autor en la contracubierta.
650 4 _aCiudades y pueblos
_zRepública Dominicana
_9784
651 4 _aSanto Domingo (República Dominicana{Rpara}
_xHistoria Local
_91894
651 4 _aSanto Domingo (República Dominicana{Rpara}
_xVida Social Y Costumbres
_91895
700 1 _aHoepelman, Virgilio,
_epról.
_911257
910 _aValidado. Control de calidad EMS
049 _aBNPD
999 _c21832
_d21832